Vowels and vowel teams. 249.5g
Each flash card presents letter or vowel team; picture to indicate a word with the vowel sound; sentence using the word; and word examples to extend learning.
Record details
- Physical Description: 72 flash cards : double sided, color ; 8 x 15 cm
- Publisher: St. Paul, MN : Trend Enterprises, Inc., 2004, ©1997.
Content descriptions
| General Note: | "T-53008." "Skill building and test prep."--Container |
| Target Audience Note: | Ages 6 and up. |
Search for related items by subject
| Subject: | Reading (Elementary) > Problems, exercises, etc. Vocabulary > Problems, exercises, etc. English language > Vowels > Problems, exercises, etc. |
| Genre: | Realia Problems and exercises. |
| LDR | 01562crm a2200373 a 4500 | ||
|---|---|---|---|
| 001 | 158968 | ||
| 003 | SBPL | ||
| 005 | 20220809195714.0 | ||
| 008 | 051021p20041997mnunnn f oneng d | ||
| 035 | . | ‡a(OCoLC)62124723 | |
| 024 | 1 | . | ‡a078628530087 |
| 035 | . | ‡a(OCoLC)62124723 | |
| 082 | 0 | 4. | ‡aCL ‡bLITERACY, LETTERS, 807.43, V974t |
| 245 | 0 | 0. | ‡aVowels and vowel teams. 249.5g |
| 260 | . | ‡aSt. Paul, MN : ‡bTrend Enterprises, Inc., ‡c2004, ©1997. | |
| 300 | . | ‡a72 flash cards : ‡bdouble sided, color ; ‡c8 x 15 cm | |
| 336 | . | ‡astill image ‡bsti ‡2rdacontent | |
| 337 | . | ‡aunmediated ‡bn ‡2rdamedia | |
| 338 | . | ‡acard ‡bno ‡2rdacarrier | |
| 500 | . | ‡a"T-53008." | |
| 500 | . | ‡a"Skill building and test prep."--Container | |
| 521 | . | ‡aAges 6 and up. | |
| 520 | . | ‡aEach flash card presents letter or vowel team; picture to indicate a word with the vowel sound; sentence using the word; and word examples to extend learning. | |
| 650 | 0. | ‡aReading (Elementary) ‡vProblems, exercises, etc. | |
| 650 | 0. | ‡aVocabulary ‡vProblems, exercises, etc. | |
| 650 | 0. | ‡aEnglish language ‡xVowels ‡vProblems, exercises, etc. | |
| 655 | 7. | ‡aRealia | |
| 655 | 7. | ‡aProblems and exercises. ‡2fast ‡0(OCoLC)fst01423783 | |
| 710 | 2 | . | ‡aTrend Enterprises, Inc. |
| 901 | . | ‡a158968 ‡b ‡c158968 ‡tbiblio | |